<?xml version="1.0" encoding="UTF-8"?>
<record
    xmlns:xsi="http://www.w3.org/2001/XMLSchema-instance"
    xsi:schemaLocation="http://www.loc.gov/MARC21/slim http://www.loc.gov/standards/marcxml/schema/MARC21slim.xsd"
    xmlns="http://www.loc.gov/MARC21/slim">

  <leader>01050nam a22002177a 4500</leader>
  <controlfield tag="005">20220219121610.0</controlfield>
  <controlfield tag="008">220217b           ||||| |||| 00| 0 eng d</controlfield>
  <datafield tag="040" ind1=" " ind2=" ">
    <subfield code="c">Aloy</subfield>
  </datafield>
  <datafield tag="041" ind1=" " ind2=" ">
    <subfield code="a">kan</subfield>
  </datafield>
  <datafield tag="082" ind1=" " ind2=" ">
    <subfield code="2">23</subfield>
    <subfield code="a">001.42K</subfield>
    <subfield code="b">SHIS</subfield>
  </datafield>
  <datafield tag="100" ind1=" " ind2=" ">
    <subfield code="a">Vishnu M Shinde: &#xCB5;&#xCBF;&#xCB7;&#xCCD;&#xCA3;&#xCC1; &#xC8E;&#xC82; &#xCB6;&#xCBF;&#xC82;&#xCA6;&#xCC6; </subfield>
    <subfield code="9">21301</subfield>
  </datafield>
  <datafield tag="245" ind1=" " ind2=" ">
    <subfield code="a">Samshodhane Prakatana Naitikate: &#xCB8;&#xC82;&#xCB6;&#xCCB;&#xCA7;&#xCA8;&#xCC6; &#xCAE;&#xCA4;&#xCCD;&#xCA4;&#xCC1; &#xCAA;&#xCCD;&#xCB0;&#xC95;&#xC9F;&#xCA3;&#xCBE;  &#xCA8;&#xCC8;&#xCA4;&#xCBF;&#xC95;&#xCA4;&#xCC6;</subfield>
    <subfield code="b">Research And Publication Ethics</subfield>
  </datafield>
  <datafield tag="260" ind1=" " ind2=" ">
    <subfield code="a">Kalaburagi</subfield>
    <subfield code="b">Virata Print &amp; Publication</subfield>
    <subfield code="c">2021</subfield>
  </datafield>
  <datafield tag="300" ind1=" " ind2=" ">
    <subfield code="a">viii.70 p.</subfield>
    <subfield code="b">PB</subfield>
    <subfield code="c">21x14 cm.</subfield>
  </datafield>
  <datafield tag="365" ind1=" " ind2=" ">
    <subfield code="2">Journalism</subfield>
    <subfield code="a">BLCR-00121</subfield>
    <subfield code="b">72.00</subfield>
    <subfield code="c">&#x20B9;</subfield>
    <subfield code="d">90.00</subfield>
    <subfield code="e">20%</subfield>
    <subfield code="f">16-02-2022</subfield>
  </datafield>
  <datafield tag="650" ind1=" " ind2=" ">
    <subfield code="a">Tatvashastra Mattu Naitikate: &#xCA4;&#xCA4;&#xCCD;&#xCB5;&#xCB6;&#xCBE;&#xCB8;&#xCCD;&#xCA4;&#xCCD;&#xCB0; &#xCAE;&#xCA4;&#xCCD;&#xCA4;&#xCC1; &#xCA8;&#xCC8;&#xCA4;&#xCBF;&#xC95;&#xCA4;&#xCC6; </subfield>
    <subfield code="9">20483</subfield>
  </datafield>
  <datafield tag="650" ind1=" " ind2=" ">
    <subfield code="a">Vaijnanika Nadate:  &#xCB5;&#xCC8;&#xC9C;&#xCCD;&#xC9E;&#xCBE;&#xCA8;&#xCBF;&#xC95; &#xCA8;&#xCA1;&#xCA4;&#xCC6; </subfield>
    <subfield code="9">20484</subfield>
  </datafield>
  <datafield tag="650" ind1=" " ind2=" ">
    <subfield code="a">Prakatana Naitikate: &#xCAA;&#xCCD;&#xCB0;&#xC95;&#xC9F;&#xCA3;&#xCBE; &#xCA8;&#xCC8;&#xCA4;&#xCBF;&#xC95;&#xCA4;&#xCC6; </subfield>
    <subfield code="9">20485</subfield>
  </datafield>
  <datafield tag="700" ind1=" " ind2=" ">
    <subfield code="a">SHINDE (Vishnu M): &#xCB6;&#xCBF;&#xC82;&#xCA6;&#xCC6; (&#xCB5;&#xCBF;&#xCB7;&#xCCD;&#xCA3;&#xCC1; &#xC8E;&#xC82;)</subfield>
    <subfield code="9">20486</subfield>
  </datafield>
  <datafield tag="942" ind1=" " ind2=" ">
    <subfield code="2">ddc</subfield>
    <subfield code="c">BK</subfield>
  </datafield>
  <datafield tag="999" ind1=" " ind2=" ">
    <subfield code="c">221537</subfield>
    <subfield code="d">221537</subfield>
  </datafield>
  <datafield tag="952" ind1=" " ind2=" ">
    <subfield code="0">0</subfield>
    <subfield code="1">0</subfield>
    <subfield code="2">ddc</subfield>
    <subfield code="4">0</subfield>
    <subfield code="7">0</subfield>
    <subfield code="8">JR</subfield>
    <subfield code="a">AL</subfield>
    <subfield code="b">AL</subfield>
    <subfield code="d">2022-02-16</subfield>
    <subfield code="e">Navakarnataka Publications Pvt Ltd, Mangalore-575001</subfield>
    <subfield code="g">72.00</subfield>
    <subfield code="l">2</subfield>
    <subfield code="o">001.42K SHIS</subfield>
    <subfield code="p">075473</subfield>
    <subfield code="r">2025-06-23 09:07:10</subfield>
    <subfield code="s">2025-01-18</subfield>
    <subfield code="v">90.00</subfield>
    <subfield code="w">2022-02-17</subfield>
    <subfield code="y">BK</subfield>
  </datafield>
</record>
